| 000 | 00603nam a2200193 i 4500 | ||
|---|---|---|---|
| 001 | 76888 | ||
| 003 | ES-MaACL | ||
| 005 | 20250910183110.0 | ||
| 007 | t| | ||
| 008 | 041005s1957 sp ||||1| spa d | ||
| 100 | 1 |
_aGuilleumas, Rosalía. _960809 |
|
| 245 | 1 | 3 |
_aLa llengua catalana segions Antoni Rubio i Lluch / _cRosalía Guilleumas. |
| 260 |
_aBarcelona : _bBarcino, _c1957 ( _fGráf. Marina) |
||
| 300 |
_a88 p. ; _c16 cm. |
||
| 490 | 1 | _aCol-lecció popular Barcino | |
| 830 | 0 |
_aCol·lecció popular Barcino _9229864 |
|
| 852 |
_aES-MaACL _jC-18125 _bR.42100 |
||
| 999 |
_c76888 _d76888 |
||